Cerámica en Penco: industria y sociedad, 1888-1962

Shranjeno v:
Bibliografske podrobnosti
Glavni avtor: Márquez Ochoa, Boris Daniel (autor)
Format: Knjiga
Jezik:španščina
Izdano: Concepción Ediciones del Archivo Histórico de Concepción 2014
Izdaja:1a. ed
Teme:
Oznake: Označite
Brez oznak, prvi označite!

MARC

LEADER 00000cam a2200000 a 4500
001 UCD0150
003 CL-VaPUC
008 151120e20140000cl |||||||||||||||||spa|d
082 0 4 |a 983.39  |b MAR  |2 21 
100 |a Márquez Ochoa, Boris Daniel  |e autor  |9 601470 
245 1 0 |a Cerámica en Penco: industria y sociedad, 1888-1962 
250 |a 1a. ed 
300 |a 110 p 
942 |c BK 
945 |d 20151120 13:39:00  |a dcastane 
260 |a Concepción  |b Ediciones del Archivo Histórico de Concepción  |c 2014 
650 0 |a Historia de Concepción  |y Siglo 19  |z Chile  |9 545752 
650 0 |a ceramica  |9 262882 
650 0 |a Artesanos  |9 269213 
650 7 |a HISTORIA DE LAS CIUDADES  |2 CL-VaPUC  |9 267500 
651 0 |a Penco  |9 509698 
583 |a last modification  |c 20160923 12:32:47  |k Rodrigo Vera 
999 |c 361771  |d 361769 
952 |0 0  |1 0  |3 erb  |4 0  |6 983_390000000000000_MAR_2014  |7 0  |8 A  |9 472422  |a BIBHIS  |b BIBHIS  |i 5250404  |o 983.39 MAR 2014  |p 5250404  |r 2025-01-20  |w 2019-11-24  |y BK  |z Catalogado en:20151120  |k HIS